| 000 | 01261cad a22001935a 4500 | ||
|---|---|---|---|
| 001 | L155456 | ||
| 008 | 120323e2012 xxk 000 0 eng d | ||
| 035 | _a(Sirsi) u155456 | ||
| 041 | 0 | _aeng | |
| 110 | 2 |
_aUnited Kingdom _bDepartment for Environment, Food and Rural Affairs |
|
| 245 | 0 | 0 |
_aReport of the Habitats and Wild Birds Directives Implemenation Review _h[electronic resource] |
| 260 |
_aLondon _bDEFRA _c2012 |
||
| 520 | _aReport sets out the conclusions of the government's review into the Habitats and Wild Birds Directives as currently implemented in England. The review found that in the majority of cases the operation of the directive is working well but some cases do encounter delays. Four key areas have been identified where change will improve the implementation of the Directives; facilitating nationally significant infrastructure projects, improving implementation processes and streamlining guidance, improving the quality, quantity and sharing of data and improving the customer experience. | ||
| 590 | _aKA NTK | ||
| 651 | 4 |
_aEngland _y886- |
|
| 690 |
_aEnvironment _96238 |
||
| 856 | 4 | 0 |
_uhttps://www.defra.gov.uk/publications/files/pb-13724-habitats-review-report.pdf _zView the report free of charge at www.defra.gov.uk |
| 942 | _n0 | ||
| 999 |
_c83866 _d83866 |
||